Soup Salad (Record no. 4740)

MARC details
000 -LEADER
fixed length control field 00202nam a22000857a 4500
008 - FIXED-LENGTH DATA ELEMENTS--GENERAL INFORMATION
fixed length control field 161208b xxu||||| |||| 00| 0 eng d
020 ## - INTERNATIONAL STANDARD BOOK NUMBER
International Standard Book Number 9788178692333
100 ## - MAIN ENTRY--PERSONAL NAME
9 (RLIN) 1948
Personal name Mehta.N.
245 ## - TITLE STATEMENT
Title Soup Salad
260 ## - PUBLICATION, DISTRIBUTION, ETC. (IMPRINT)
Place of publication, distribution, etc. New Delhi
Name of publisher, distributor, etc. Snas
Date of publication, distribution, etc. 2011
Holdings
Withdrawn status Lost status Source of classification or shelving scheme Damaged status Koha normalized classification for sorting Not for loan Home library Current library Shelving location Date acquired Total Checkouts Full call number Barcode Date last seen Price effective from Koha item type
    Dewey Decimal Classification   MEH_641_500000000000000_C7   Good Samaritan School Library Good Samaritan School Library Home Science 12/08/2016   MEH641.5 C-7 MEH9270 12/08/2016 12/08/2016 Reference

Powered by Koha